LEADER 01007naa a2200229 u 4500 001 000000094050 003 CaOOAMICUS 005 20070226130136.0 008 010725m19891992fr u000 u eng u 035 $a10898533 040 $aPUL(R)$bita 100 1 $aKay, Herma Hill,$d1934-$0(OLS)http://pul/name/60484 245 12$aA defense of Currie's governmental interest analysis /$cby Herma Hill Kay. 260 $a[S. l. :$bs. n.],$c1989-1992. 300 $aP. [1-204] 504 $aBibliografia in nota. 600 14$aCurrie, Brainerd,$d1912-$xPensiero politico e sociale.$0(OLS)http://pul/subject/30099 650 4$aDiritto internazionale pubblico$zStati Uniti.$0(OLS)http://pul/subject/29702 773 0 $tRecueil des cours$gv.III (1989) 773 0 $tRecueil des cours 1989 : collected courses of The Hague Academy of International Law$w()60529 996 $6245$aA defense of Currie's governmental interest analysis$9(OLS)http://pul/title/120906 996 $6260$a[S. l. :$bs. n.]$9(OLS)http://pul/publisher/47882 LEADER 01168nam a2200301 a 4500 001 000000141415 003 CaOOAMICUS 005 20150123115205.0 008 150123s2015 it u000 u ita r 020 $a978-88-14-19281-4 040 $aPUL$bita 245 13$aLe azioni possessorie e di nunciazione /$cAlberto Giusti, Antonio Scarpa. 250 $a2. ed. 260 $aMilano :$bGiuffrè,$c2015. 300 $av. ;$c25 cm 490 1 $aIl Codice civile.$aCommentario 500 $aContiene indici. 505 0 $aArtt. 1168-1172. 650 4$aPossesso (diritto).$0(OLS)http://pul/subject/18430 700 1 $aScarpa, Antonio.$0(OLS)http://pul/name/66326 830 3$aIl Codice civile.$pCommentario.$0(OLS)http://pul/title/53143 850 $aPUL 852 $aPUL$W1$xSL Diritto e Scienze Sociali 3$y79$m300 A 1.1168.2$j163228$qDDC 21$B163115$CPULBib$Z2$F163115 $H125307 $82 941 1 $a9 996 $6020$a978-88-14-19281-4$9(OLS)http://pul/number/156803 996 $6245$aLe azioni possessorie e di nunciazione$9(OLS)http://pul/title/55046 996 $6260$aMilano :$bGiuffrè$9(OLS)http://pul/publisher/48401